[Event "Play for Durgesh Fundraiser Blitz"]
[Site "Vishy Anand Arena"]
[Date "2020.09.19"]
[Round "6"]
[White "AmoghB"]
[Black "AshokJV"]
[Result "1-0"]
[WhiteElo "1416"]
[BlackElo "1244"]
[Annotator "NA"]
[PlyCount "73"]
[EventDate "2020.09.19"]
[EventType "swiss (blitz)"]

1. e4 e5 2. Nf3 Nc6 3. Bb5 d6 4. O-O Nf6 5. Re1 Be7 6. d4 O-O 7. dxe5 dxe5 8. Qxd8 Rxd8 9. Bxc6 bxc6 10. Nxe5 Bb7 11. Nc3 Bd6 12. Bf4 Re8 13. Nd3 Bxf4 14. Nxf4 Re7 15. Rad1 Rae8 16. a4 Nxe4 17. Nxe4 h6 18. f3 f5 19. Ng6 Re6 20. Nf4 R6e7 21. Kf2 fxe4 22. fxe4 Rxe4 23. Rxe4 Rxe4 24. Kf3 c5 25. Nd5 Re5 26. c4 Kf7 27. Kf4 Ke6 28. Nxc7+ Kf6 29. Rd6+ Re6 30. Rxe6+ Kf7 31. Rd6 Ke7 32. Rd3 Bxg2 33. Rg3 Bc6 34. Rxg7+ Kd6 35. Nb5+ Bxb5 36. axb5 Ke6 37. Rxa7 1-0

[Event "Play for Durgesh Fundraiser Blitz"]
[Site "Vishy Anand Arena"]
[Date "2020.09.19"]
[Round "6"]
[White "Sans360"]
[Black "Shashank Karanam"]
[Result "0-1"]
[WhiteElo "1416"]
[BlackElo "1583"]
[Annotator "NA"]
[PlyCount "72"]
[EventDate "2020.09.19"]
[EventType "swiss (blitz)"]

1. e4 c5 2. Nf3 d6 3. d4 cxd4 4. Nxd4 Nf6 5. Nc3 a6 6. Be3 e5 7. Nb3 Be7 8. Bd3 O-O 9. O-O Nc6 10. Nd5 Be6 11. Nxe7+ Qxe7 12. Qd2 Ng4 13. Nc1 Nxe3 14. fxe3 Qg5 15. Qf2 Nb4 16. a3 Nxd3 17. cxd3 Rac8 18. Ne2 Rc2 19. b3 Bg4 20. Rfe1 Qh5 21. h3 Bxe2 22. g4 Qxh3 23. Rxe2 Rxe2 24. Qxe2 Qg3+ 25. Qg2 Qxe3+ 26. Kh2 Qxd3 27. b4 g6 28. a4 Rc8 29. Ra2 Rc1 30. Rf2 Qe3 31. g5 b5 32. axb5 axb5 33. Ra2 Qf4+ 34. Qg3 Rh1+ 35. Kg2 Rg1+ 36. Kh2 Qxg3# 0-1

[Event "Play for Durgesh Fundraiser Blitz"]
[Site "Vishy Anand Arena"]
[Date "2020.09.19"]
[Round "6"]
[White "Invokeanand"]
[Black "Arnav_krishna"]
[Result "1/2-1/2"]
[WhiteElo "1415"]
[BlackElo "1620"]
[Annotator "NA"]
[PlyCount "61"]
[EventDate "2020.09.19"]
[EventType "swiss (blitz)"]

1. e4 e5 2. Nc3 Nc6 3. f3 Nf6 4. Bb5 d6 5. Nge2 g6 6. d3 Bg7 7. Bg5 Be6 8. Qd2 a6 9. Ba4 b5 10. Bb3 O-O 11. O-O-O Bxb3 12. cxb3 Ne7 13. h4 d5 14. Qe3 d4 15. Qf2 dxc3 16. Nxc3 Nc6 17. h5 Nd4 18. hxg6 fxg6 19. Qh4 Qd6 20. Bxf6 Rxf6 21. Qxh7+ Kf7 22. Qh4 Rh8 23. Qg4 Rxh1 24. Rxh1 Qe6 25. Qh4 Qe8 26. Qg4 Qg8 27. Qd7+ Kf8 28. Qd8+ Kf7 29. Qd7+ Kf8 30. Qd8+ Kf7 31. Qd7+ 1/2-1/2

[Event "Play for Durgesh Fundraiser Blitz"]
[Site "Vishy Anand Arena"]
[Date "2020.09.19"]
[Round "6"]
[White "Adithya s"]
[Black "Shashank Karanam"]
[Result "1-0"]
[WhiteElo "1409"]
[BlackElo "1604"]
[Annotator "NA"]
[PlyCount "67"]
[EventDate "2020.09.19"]
[EventType "swiss (blitz)"]

1. d4 Nf6 2. c4 g6 3. Nc3 Bg7 4. Nf3 d6 5. e3 O-O 6. Bd3 Nc6 7. O-O e5 8. Be2 exd4 9. exd4 Bf5 10. Bg5 h6 11. Bxf6 Qxf6 12. Re1 Nxd4 13. Nxd4 Qxd4 14. Qxd4 Bxd4 15. Rad1 Be5 16. Nd5 c6 17. Ne3 Bxb2 18. Nxf5 gxf5 19. Bd3 f4 20. Re4 Be5 21. Bb1 f5 22. Ree1 Rae8 23. Rd2 Kg7 24. Bc2 Kf6 25. Rde2 Rf7 26. Bb3 Rfe7 27. f3 h5 28. h3 Kg5 29. Kf2 Bd4+ 30. Kf1 Rxe2 31. Rxe2 Rxe2 32. Kxe2 Kh4 33. Bc2 Kg3 34. Kf1 1-0

[Event "Play for Durgesh Fundraiser Blitz"]
[Site "Vishy Anand Arena"]
[Date "2020.09.19"]
[Round "6"]
[White "Ghostly"]
[Black "Boonrook"]
[Result "1/2-1/2"]
[WhiteElo "1408"]
[BlackElo "1309"]
[Annotator "NA"]
[PlyCount "81"]
[EventDate "2020.09.19"]
[EventType "swiss (blitz)"]

1. e4 e5 2. f4 d6 3. Nf3 Nc6 4. Bc4 Bg4 5. Nc3 Nf6 6. O-O Bxf3 7. Rxf3 Nd4 8. Rh3 Qe7 9. d3 O-O-O 10. Be3 Nc6 11. Nd5 Nxd5 12. exd5 Nd4 13. Bxd4 exd4 14. c3 Qf6 15. cxd4 Qxd4+ 16. Kh1 Qxf4 17. Qa4 Kb8 18. Rf3 Qh4 19. Rxf7 g5 20. Qa5 Rc8 21. Qa3 Qd4 22. Qb3 Bh6 23. Ba6 Qb6 24. Bc4 Qxb3 25. axb3 Rcf8 26. Rxf8+ Rxf8 27. h3 Bg7 28. Rd1 Bxb2 29. Rd2 Be5 30. Kg1 Bd4+ 31. Kh2 Rf1 32. Re2 Be5+ 33. g3 a6 34. d4 Bxd4 35. Re8+ Ka7 36. Rg8 Rf2+ 37. Kh1 Rf1+ 38. Kg2 Rf2+ 39. Kh1 Rf1+ 40. Kg2 Rf2+ 41. Kh1 1/2-1/2

[Event "Play for Durgesh Fundraiser Blitz"]
[Site "Vishy Anand Arena"]
[Date "2020.09.19"]
[Round "6"]
[White "Sans360"]
[Black "NJ2004"]
[Result "1-0"]
[WhiteElo "1407"]
[BlackElo "1630"]
[Annotator "NA"]
[PlyCount "95"]
[EventDate "2020.09.19"]
[EventType "swiss (blitz)"]

1. e4 c6 2. Nf3 d5 3. exd5 cxd5 4. d4 Nc6 5. Be3 Nf6 6. Nc3 Bg4 7. h3 Bh5 8. Be2 e6 9. O-O Be7 10. Ne5 Bxe2 11. Qxe2 O-O 12. Nxc6 bxc6 13. g4 Qc7 14. Kh1 Rfd8 15. f4 Rab8 16. b3 c5 17. g5 Ne4 18. Nxe4 dxe4 19. dxc5 Bxc5 20. Bxc5 Qxc5 21. Qxe4 Rd2 22. c4 Rbd8 23. f5 exf5 24. Rxf5 Rd1+ 25. Rf1 R1d4 26. Qf5 Qc6+ 27. Rf3 Rd1+ 28. Rxd1 Rxd1+ 29. Kg2 Rd2+ 30. Kg3 Qc7+ 31. Qf4 Qd7 32. Qb8+ Qd8 33. Qxd8+ Rxd8 34. c5 g6 35. b4 Kf8 36. Ra3 Rd7 37. b5 Ke7 38. Re3+ Kd8 39. Kf4 Re7 40. Rxe7 Kxe7 41. Ke5 Kd7 42. c6+ Kc7 43. a4 a6 44. Kf6 axb5 45. axb5 Kd8 46. Kxf7 Kc7 47. Ke7 Kb6 48. h4 1-0

[Event "Play for Durgesh Fundraiser Blitz"]
[Site "Vishy Anand Arena"]
[Date "2020.09.19"]
[Round "6"]
[White "bhaveshvyas_01"]
[Black "Sidhurajesh"]
[Result "0-1"]
[WhiteElo "1407"]
[BlackElo "1249"]
[Annotator "NA"]
[PlyCount "78"]
[EventDate "2020.09.19"]
[EventType "swiss (blitz)"]

1. d4 d5 2. Bf4 h5 3. h4 Nf6 4. Nf3 Bf5 5. e3 e6 6. Nbd2 Be7 7. c3 O-O 8. Be2 c5 9. Ne5 Nc6 10. Nxc6 bxc6 11. f3 Bd6 12. Bg5 Be7 13. Qa4 Qd7 14. O-O-O Rfc8 15. Rhg1 Nh7 16. g4 Bxg5 17. hxg5 hxg4 18. fxg4 Bg6 19. Nf3 Qe7 20. Bd3 Bxd3 21. Rxd3 Nxg5 22. Nxg5 Qxg5 23. Qc2 c4 24. Rd2 Qxe3 25. Rh1 Qf3 26. Qh7+ Kf8 27. Qh8+ Ke7 28. Qxg7 Rg8 29. Qe5 Qxh1+ 30. Rd1 Qf3 31. Qc7+ Kf8 32. Qxc6 Qe3+ 33. Kc2 Qe2+ 34. Rd2 Qe4+ 35. Kc1 Rd8 36. Qc7 Qxg4 37. Qxd8+ Kg7 38. Qe7 Qg5 39. Qxg5+ Kf8 0-1

[Event "Play for Durgesh Fundraiser Blitz"]
[Site "Vishy Anand Arena"]
[Date "2020.09.19"]
[Round "6"]
[White "Ritvik1705"]
[Black "Onkar Charpilwar"]
[Result "0-1"]
[WhiteElo "1400"]
[BlackElo "1353"]
[Annotator "NA"]
[PlyCount "96"]
[EventDate "2020.09.19"]
[EventType "swiss (blitz)"]

1. d3 e5 2. e4 Bc5 3. Nf3 Nc6 4. Nxe5 Nxe5 5. d4 Bxd4 6. Qxd4 Nc6 7. Qxg7 Qf6 8. Qxf6 Nxf6 9. f3 d6 10. Bg5 Nd7 11. Bc4 f6 12. Be3 Nb6 13. b3 Bd7 14. Be2 a6 15. O-O Rg8 16. Rd1 O-O-O 17. Bxb6 cxb6 18. Rxd6 Rg6 19. h3 Nb4 20. Nc3 Bxh3 21. Rxd8+ Kxd8 22. Bf1 Nxc2 23. Rd1+ Kc7 24. Nd5+ Kb8 25. Nf4 Rg8 26. Nxh3 Ne3 27. Rd6 Nxf1 28. Kxf1 Rf8 29. Rxb6 Kc7 30. Re6 h5 31. a4 h4 32. Nf4 f5 33. Ng6 Rf7 34. exf5 Rxf5 35. Nxh4 Rh5 36. Re4 Kb6 37. g3 Rg5 38. Kf2 Kc5 39. f4 Rg7 40. Re5+ Kb6 41. Nf5 Rg6 42. Ne7 Rg7 43. Nd5+ Ka7 44. Nc7 Rd7 45. g4 a5 46. Kf3 Rxc7 47. Rxa5+ Kb6 48. g5 Rc3+ 0-1

[Event "Play for Durgesh Fundraiser Blitz"]
[Site "Vishy Anand Arena"]
[Date "2020.09.19"]
[Round "6"]
[White "Stuti_Bhatt"]
[Black "Prathameshb"]
[Result "1-0"]
[WhiteElo "1400"]
[BlackElo "1620"]
[Annotator "NA"]
[PlyCount "49"]
[EventDate "2020.09.19"]
[EventType "swiss (blitz)"]

1. e4 c5 2. Nc3 d6 3. e5 dxe5 4. Nf3 Nf6 5. Bb5+ Nc6 6. Nxe5 Bd7 7. Nxd7 Kxd7 8. Qf3 a6 9. Bxc6+ bxc6 10. d3 Ke8 11. Qxc6+ Nd7 12. d4 e5 13. Nd5 Rc8 14. Qb7 cxd4 15. Qxa6 Bc5 16. O-O d3 17. Qxd3 Bd6 18. Be3 e4 19. Qxe4+ Kf8 20. Rfe1 Nc5 21. Bxc5 Bxc5 22. b3 Bd6 23. c4 Qg5 24. h4 Re8 25. Qxe8# 1-0

[Event "Play for Durgesh Fundraiser Blitz"]
[Site "Vishy Anand Arena"]
[Date "2020.09.19"]
[Round "6"]
[White "IshaanKher"]
[Black "Vivaan harjani"]
[Result "0-1"]
[WhiteElo "1396"]
[BlackElo "1331"]
[Annotator "NA"]
[PlyCount "38"]
[EventDate "2020.09.19"]
[EventType "swiss (blitz)"]

1. e4 e5 2. Bc4 Nf6 3. Nf3 Nc6 4. Nc3 Nxe4 5. Nxe4 d5 6. Nxe5 dxc4 7. Nxc6 bxc6 8. O-O Bf5 9. Ng3 Be6 10. b3 cxb3 11. axb3 Bd6 12. d3 O-O 13. Ne4 Bd5 14. Bg5 f6 15. Nxd6 Qxd6 16. Be3 c5 17. g3 Bb7 18. Bf4 Qc6 19. Qe2 Qg2# 0-1

[Event "Play for Durgesh Fundraiser Blitz"]
[Site "Vishy Anand Arena"]
[Date "2020.09.19"]
[Round "6"]
[White "Yashteotiachess"]
[Black "Nalini Agarwala"]
[Result "1-0"]
[WhiteElo "1388"]
[BlackElo "1330"]
[Annotator "NA"]
[PlyCount "53"]
[EventDate "2020.09.19"]
[EventType "swiss (blitz)"]

1. e4 e5 2. Nf3 Nc6 3. Bb5 Nf6 4. Bxc6 bxc6 5. Nxe5 d6 6. Nxc6 Qd7 7. Nd4 Nxe4 8. O-O d5 9. Re1 Ba6 10. b3 Bc5 11. Nf3 O-O 12. c3 Bxf2+ 13. Kh1 Bxe1 14. Qxe1 Rae8 15. c4 dxc4 16. bxc4 Bxc4 17. a3 Qd6 18. Qh4 f6 19. Ne1 g5 20. Qg4 Nf2+ 21. Kg1 Nxg4 22. Nf3 Qd3 23. Nc3 Re2 24. Bb2 Re1+ 25. Rxe1 Re8 26. Rxe8+ Kf7 27. Re1 1-0

[Event "Play for Durgesh Fundraiser Blitz"]
[Site "Vishy Anand Arena"]
[Date "2020.09.19"]
[Round "6"]
[White "Chess chess"]
[Black "An_2356"]
[Result "0-1"]
[WhiteElo "1383"]
[BlackElo "1774"]
[Annotator "NA"]
[PlyCount "52"]
[EventDate "2020.09.19"]
[EventType "swiss (blitz)"]

1. d4 d5 2. c4 e6 3. Nc3 Nf6 4. Nf3 Be7 5. e3 O-O 6. Be2 dxc4 7. O-O c5 8. Bxc4 Nc6 9. dxc5 Bxc5 10. b3 e5 11. Bb2 e4 12. Nd4 Nxd4 13. exd4 Bxd4 14. Nb5 Bxb2 15. Qxd8 Rxd8 16. Nc7 Rb8 17. Rad1 Bg4 18. Rxd8+ Rxd8 19. f3 exf3 20. gxf3 Bh3 21. Re1 Bd4+ 22. Kh1 Bf2 23. Rc1 h6 24. Nd5 Nxd5 25. Bxd5 Rxd5 26. Rc6 Rd1# 0-1

[Event "Play for Durgesh Fundraiser Blitz"]
[Site "Vishy Anand Arena"]
[Date "2020.09.19"]
[Round "6"]
[White "SUNMEETH PAI M"]
[Black "superark"]
[Result "1-0"]
[WhiteElo "1383"]
[BlackElo "1627"]
[Annotator "NA"]
[PlyCount "81"]
[EventDate "2020.09.19"]
[EventType "swiss (blitz)"]

1. e4 e5 2. Nf3 Nc6 3. Nc3 Nf6 4. Bc4 Nxe4 5. Nxe4 d5 6. Bd3 dxe4 7. Bxe4 Bg4 8. O-O Bd6 9. h3 Bh5 10. d3 Nd4 11. Qd2 Nxf3+ 12. Bxf3 Bxf3 13. gxf3 O-O 14. Qg5 Qxg5+ 15. Bxg5 Rfe8 16. Kh2 Re6 17. Rg1 Rg6 18. h4 e4+ 19. Kg2 f6 20. fxe4 fxg5 21. Kh3 Rf8 22. Rxg5 Rf3+ 23. Kg4 Rxg5+ 24. hxg5 Rxf2 25. Rh1 Rg2+ 26. Kh4 Be7 27. Kh3 Rxg5 28. Rf1 Rh5+ 29. Kg2 Rg5+ 30. Kh1 Bd6 31. c4 Rh5+ 32. Kg2 Rg5+ 33. Kh3 Rg3+ 34. Kh4 g5+ 35. Kh5 Rh3+ 36. Kxg5 Rg3+ 37. Kf5 Rxd3 38. Ke6 Bf8 39. Rf7 Rg3 40. Rxc7 Rg6+ 41. Kd5 1-0

[Event "Play for Durgesh Fundraiser Blitz"]
[Site "Vishy Anand Arena"]
[Date "2020.09.19"]
[Round "6"]
[White "Shashank N D"]
[Black "Chirag_k1"]
[Result "0-1"]
[WhiteElo "1379"]
[BlackElo "1417"]
[Annotator "NA"]
[PlyCount "68"]
[EventDate "2020.09.19"]
[EventType "swiss (blitz)"]

1. e4 e6 2. d4 d5 3. exd5 exd5 4. Nc3 Be6 5. Nf3 c5 6. Be3 c4 7. b3 Bb4 8. Bd2 Qa5 9. Ne2 c3 10. Bf4 Nd7 11. Qc1 Ba3 12. Qe3 Bb2 13. Rd1 Ne7 14. a4 Nf5 15. Qd3 a6 16. Ng3 Nxg3 17. Bxg3 b5 18. axb5 axb5 19. Be2 b4 20. O-O Qb6 21. Qb5 Qxb5 22. Bxb5 O-O 23. Bxd7 Bxd7 24. Rde1 Be6 25. Ng5 Rfe8 26. Nxe6 fxe6 27. Be5 Kf7 28. Re3 g6 29. Rf3+ Kg8 30. Rf6 Rf8 31. h3 Rxf6 32. Bxf6 Rf8 33. Be5 Rf5 34. Bd6 Ba3 0-1

[Event "Play for Durgesh Fundraiser Blitz"]
[Site "Vishy Anand Arena"]
[Date "2020.09.19"]
[Round "6"]
[White "Chess chess"]
[Black "PlasticBabu"]
[Result "0-1"]
[WhiteElo "1375"]
[BlackElo "1712"]
[Annotator "NA"]
[PlyCount "80"]
[EventDate "2020.09.19"]
[EventType "swiss (blitz)"]

1. d4 Nf6 2. c4 g6 3. Nc3 Bg7 4. e3 O-O 5. Nf3 d5 6. Be2 c6 7. O-O Bg4 8. Qc2 Nbd7 9. Bd2 dxc4 10. h3 Bxf3 11. Bxf3 Rc8 12. Ne4 b5 13. a4 a6 14. Nxf6+ Nxf6 15. Bb4 Re8 16. axb5 axb5 17. Bc5 e5 18. Be2 exd4 19. exd4 Nd5 20. Ra6 Qg5 21. Rfa1 Nf4 22. g3 Nxe2+ 23. Kg2 Nxd4 24. Bxd4 Bxd4 25. Rd1 Bg7 26. b3 cxb3 27. Qxb3 Red8 28. Rxd8+ Rxd8 29. Rxc6 Qd5+ 30. Qf3 Qxf3+ 31. Kxf3 Rb8 32. Kg2 b4 33. Rc2 b3 34. Rc1 b2 35. Rb1 Ra8 36. Kf3 Ra1 37. Rxa1 bxa1=Q 38. h4 Qd4 39. h5 f5 40. hxg6 Qe4# 0-1

[Event "Play for Durgesh Fundraiser Blitz"]
[Site "Vishy Anand Arena"]
[Date "2020.09.19"]
[Round "6"]
[White "AmoghB"]
[Black "Pratul Rastogi"]
[Result "1-0"]
[WhiteElo "1369"]
[BlackElo "1362"]
[Annotator "NA"]
[PlyCount "125"]
[EventDate "2020.09.19"]
[EventType "swiss (blitz)"]

1. e4 e5 2. Nf3 Nc6 3. Bb5 a6 4. Ba4 Nd4 5. O-O Nxf3+ 6. Qxf3 f6 7. Bb3 Ne7 8. Nc3 d6 9. d3 Nc6 10. Be3 Be7 11. Qh5+ g6 12. Qf3 Nd4 13. Bxd4 exd4 14. Nd5 Bf8 15. Nxf6+ Ke7 16. Nd5+ Ke8 17. Rfe1 Be7 18. e5 dxe5 19. Rxe5 Rf8 20. Qe2 Qd6 21. Rxe7+ Kd8 22. Re4 c6 23. Nb6 Rb8 24. Nxc8 Rxc8 25. f3 h5 26. Re1 Qd7 27. Re7 Qd6 28. Re8+ Rxe8 29. Qxe8+ Kc7 30. Qe7+ Qxe7 31. Rxe7+ Kb6 32. Be6 Rd8 33. Bf7 g5 34. Bxh5 Rg8 35. Bg4 Kc5 36. Re5+ Kb6 37. Kf2 Kc7 38. Kg3 b5 39. Rf5 c5 40. Rxc5+ Kb6 41. Rf5 a5 42. f4 gxf4+ 43. Kxf4 b4 44. Re5 a4 45. g3 b3 46. axb3 axb3 47. cxb3 Rf8+ 48. Rf5 Rxf5+ 49. Bxf5 Kc5 50. g4 Kd5 51. g5 Kc5 52. g6 Kb4 53. g7 Kxb3 54. g8=Q+ Kxb2 55. Qb8+ Kc2 56. Kf3 Kc3 57. Ke2 Kc2 58. Qc7+ Kb1 59. Qc4 Kb2 60. Kd2 Ka1 61. Qa4+ Kb1 62. Qb3+ Ka1 63. Qg8 1-0

[Event "Play for Durgesh Fundraiser Blitz"]
[Site "Vishy Anand Arena"]
[Date "2020.09.19"]
[Round "6"]
[White "Big_lion"]
[Black "Pratul Rastogi"]
[Result "0-1"]
[WhiteElo "1368"]
[BlackElo "1346"]
[Annotator "NA"]
[PlyCount "72"]
[EventDate "2020.09.19"]
[EventType "swiss (blitz)"]

1. d4 e5 2. c4 Nf6 3. dxe5 Ng4 4. Nf3 Qe7 5. Bg5 Qb4+ 6. Nbd2 Qxb2 7. Rb1 Qxa2 8. g3 Qa5 9. Bg2 Nxe5 10. h4 Nxf3+ 11. Bxf3 Bb4 12. O-O Bxd2 13. Bxd2 Qc5 14. Qc2 Nc6 15. Rb5 Qd6 16. Bf4 Qg6 17. h5 Qxc2 18. Bxc7 Qxc4 19. Rfb1 a6 20. Rb6 Nd4 21. Be5 Nxf3+ 22. exf3 O-O 23. h6 gxh6 24. Rxh6 Re8 25. Rh5 Rxe5 26. Rxe5 Qd3 27. Rg5+ Kf8 28. Kg2 Qxb1 29. g4 b5 30. Kg3 Rb8 31. Kh4 Rb6 32. f4 Rh6+ 33. Rh5 Rxh5+ 34. gxh5 d6 35. Kg5 Qf5+ 36. Kh4 Qg4# 0-1

[Event "Play for Durgesh Fundraiser Blitz"]
[Site "Vishy Anand Arena"]
[Date "2020.09.19"]
[Round "6"]
[White "Tigerchamp"]
[Black "aaryan jogalekar"]
[Result "1-0"]
[WhiteElo "1367"]
[BlackElo "1421"]
[Annotator "NA"]
[PlyCount "65"]
[EventDate "2020.09.19"]
[EventType "swiss (blitz)"]

1. e4 e5 2. Nf3 Nc6 3. Bc4 Nf6 4. Ng5 d5 5. exd5 Nxd5 6. d3 Be7 7. Bxd5 Qxd5 8. Nf3 O-O 9. Nc3 Qd7 10. O-O Bf6 11. Bg5 Bxg5 12. Nxg5 Qf5 13. Nce4 f6 14. Nf3 Qg6 15. Ng3 f5 16. Re1 f4 17. Ne4 Bh3 18. g3 Nd4 19. Nxd4 exd4 20. Qf3 Qg4 21. Qxg4 Bxg4 22. Kg2 f3+ 23. Kg1 Rae8 24. c3 dxc3 25. bxc3 Bf5 26. Ng5 Rxe1+ 27. Rxe1 Bxd3 28. Nxf3 Bb5 29. Nd4 Bd7 30. Re7 Bh3 31. Ne6 Rf5 32. Rxg7+ Kh8 33. Rd7 1-0

[Event "Play for Durgesh Fundraiser Blitz"]
[Site "Vishy Anand Arena"]
[Date "2020.09.19"]
[Round "6"]
[White "Shivanibai"]
[Black "Kaushik kh"]
[Result "0-1"]
[WhiteElo "1364"]
[BlackElo "1632"]
[Annotator "NA"]
[PlyCount "38"]
[EventDate "2020.09.19"]
[EventType "swiss (blitz)"]

1. e4 e5 2. Nf3 Nc6 3. Nc3 Bc5 4. Bc4 Nf6 5. Ng5 O-O 6. O-O h6 7. Nf3 d6 8. d3 Bg4 9. h3 Bh5 10. g4 Bg6 11. g5 Nh5 12. gxh6 Nf4 13. Bxf4 exf4 14. hxg7 Kxg7 15. Nd5 Bh5 16. Re1 Ne5 17. d4 Bxf3 18. Qd2 Qg5+ 19. Kh2 Qg2# 0-1

[Event "Play for Durgesh Fundraiser Blitz"]
[Site "Vishy Anand Arena"]
[Date "2020.09.19"]
[Round "6"]
[White "Zoyanizar"]
[Black "Nagaramchess"]
[Result "0-1"]
[WhiteElo "1354"]
[BlackElo "1582"]
[Annotator "NA"]
[PlyCount "142"]
[EventDate "2020.09.19"]
[EventType "swiss (blitz)"]

1. d4 Nf6 2. Bf4 e6 3. e3 d5 4. Nc3 c5 5. Nf3 Nc6 6. Be2 Bd6 7. Bg3 cxd4 8. Nxd4 e5 9. Nf3 e4 10. Nd4 Bxg3 11. hxg3 Ne5 12. Qd2 Bg4 13. Bxg4 Nexg4 14. O-O-O O-O 15. Nf5 h6 16. Nxd5 Nxd5 17. Qxd5 Nxf2 18. Qxd8 Raxd8 19. Rxd8 Rxd8 20. Rf1 Ng4 21. Rf4 Nf6 22. Nd4 g5 23. Rxf6 Kg7 24. Rf4 gxf4 25. gxf4 Kf6 26. g4 Rg8 27. Kd2 Ke7 28. Nf5+ Kf6 29. Nxh6 Rg6 30. g5+ Kg7 31. Nf5+ Kh7 32. Kc3 Rc6+ 33. Kb3 a5 34. Ne7 Re6 35. Nf5 Kg6 36. Nh6 f6 37. Ng4 fxg5 38. fxg5 Kxg5 39. Nf2 Kf5 40. Ka4 Rc6 41. Kxa5 Rxc2 42. Nxe4 Kxe4 43. Kb6 Rxb2+ 44. Kc5 Rxa2 45. Kc4 Kxe3 46. Kc3 Ra6 47. Kc4 Ra8 48. Kc5 Ke4 49. Kb6 Re8 50. Kxb7 Kd5 51. Kb6 Rd8 52. Kc7 Rd6 53. Kb7 Kc5 54. Kc7 Rh6 55. Kd7 Kd5 56. Ke7 Ke5 57. Kd7 Rg6 58. Kc7 Kd5 59. Kb7 Kc5 60. Kc7 Rg7+ 61. Kd8 Kd6 62. Ke8 Ke6 63. Kf8 Kf6 64. Ke8 Rf7 65. Kd8 Ke6 66. Ke8 Re7+ 67. Kd8 Kd6 68. Kc8 Rd7 69. Kb8 Kc6 70. Kc8 Rd5 71. Kb8 Rd8+ 0-1

[Event "Play for Durgesh Fundraiser Blitz"]
[Site "Vishy Anand Arena"]
[Date "2020.09.19"]
[Round "6"]
[White "Bhabnish7"]
[Black "avibhat"]
[Result "0-1"]
[WhiteElo "1352"]
[BlackElo "1419"]
[Annotator "NA"]
[PlyCount "100"]
[EventDate "2020.09.19"]
[EventType "swiss (blitz)"]

1. e4 e5 2. Nf3 Nc6 3. Bc4 Bc5 4. c3 Nf6 5. d3 d6 6. O-O O-O 7. Re1 h6 8. d4 exd4 9. cxd4 Bb4 10. Bd2 Bxd2 11. Qxd2 d5 12. exd5 Nxd5 13. Nc3 Be6 14. Nxd5 Bxd5 15. Bxd5 Qxd5 16. Rad1 Rad8 17. b3 Rfe8 18. Rxe8+ Rxe8 19. h3 Re4 20. Kh2 Ne7 21. Qb4 Nf5 22. Qc4 Qxc4 23. bxc4 b6 24. c5 bxc5 25. dxc5 Re7 26. c6 Nd6 27. Nd4 Re4 28. a4 Re5 29. f4 Rc5 30. g4 f6 31. Nf5 Nxf5 32. gxf5 Rxc6 33. Rd5 Kf7 34. Kg3 Rd6 35. Rxd6 cxd6 36. Kf3 Ke7 37. Ke4 Kd7 38. Kd5 a5 39. Kd4 Kc6 40. Kc4 d5+ 41. Kd4 Kd6 42. Kd3 Kc5 43. Kc3 d4+ 44. Kd3 h5 45. Kd2 Kc4 46. Kc2 d3+ 47. Kd2 Kd4 48. Kc1 Ke4 49. Kd1 Kxf4 50. Kd2 Ke4 0-1

[Event "Play for Durgesh Fundraiser Blitz"]
[Site "Vishy Anand Arena"]
[Date "2020.09.19"]
[Round "6"]
[White "Aryaman_tickoo"]
[Black "NJ2004"]
[Result "0-1"]
[WhiteElo "1346"]
[BlackElo "1624"]
[Annotator "NA"]
[PlyCount "92"]
[EventDate "2020.09.19"]
[EventType "swiss (blitz)"]

1. e4 c6 2. Nf3 d5 3. e5 c5 4. c3 Nc6 5. d4 e6 6. Be2 Nge7 7. O-O Nf5 8. Nbd2 Be7 9. Nb3 O-O 10. dxc5 Qc7 11. Nfd4 Qxe5 12. Re1 Ncxd4 13. cxd4 Qf6 14. Bf3 Nh4 15. Be3 Bd7 16. Be2 Qg6 17. g3 Nf5 18. Bd3 Ba4 19. Qd2 Bxb3 20. axb3 Qh5 21. Be2 Qg6 22. Bd3 Qf6 23. b4 Rfc8 24. Bf4 Nxd4 25. Be5 Nf3+ 26. Kg2 Nxe5 27. b3 Qf3+ 28. Kf1 Nxd3 29. Re3 Qh1+ 30. Ke2 Qxa1 31. Qxd3 Qb2+ 32. Kf3 Bf6 33. Re2 Qa3 34. Kg2 Qxb4 35. Kg1 Rxc5 36. Kg2 Rac8 37. Qb1 Rc1 38. Qd3 R8c3 39. Qd2 R1c2 40. Qxc2 Rxc2 41. Rxc2 h6 42. Rc8+ Kh7 43. Rc7 Qe4+ 44. Kg1 Kg6 45. Rxb7 Bd4 46. Rxa7 Bxa7 0-1

[Event "Play for Durgesh Fundraiser Blitz"]
[Site "Vishy Anand Arena"]
[Date "2020.09.19"]
[Round "6"]
[White "Zoyanizar"]
[Black "Aryam_2006"]
[Result "1/2-1/2"]
[WhiteElo "1346"]
[BlackElo "1383"]
[Annotator "NA"]
[PlyCount "93"]
[EventDate "2020.09.19"]
[EventType "swiss (blitz)"]

1. d4 Nf6 2. Bf4 g6 3. e3 Bg7 4. Nc3 d6 5. Nf3 O-O 6. Qd2 Nc6 7. e4 e5 8. Bh6 exd4 9. Ne2 Nxe4 10. Qd3 Nxf2 11. Kxf2 Bxh6 12. Nexd4 Nxd4 13. Qxd4 Re8 14. Bd3 Be3+ 15. Qxe3 Rxe3 16. Kxe3 Qe7+ 17. Kf2 Bg4 18. Rhe1 Qf6 19. Be4 c6 20. c3 d5 21. Bd3 Bxf3 22. gxf3 Qh4+ 23. Kg2 Qg5+ 24. Kf2 Qd2+ 25. Be2 Qxb2 26. Rab1 Qxc3 27. Rxb7 Qd4+ 28. Kf1 Re8 29. Rbb1 Qh4 30. Kg2 Qg5+ 31. Kf1 Qd2 32. a4 Qc2 33. a5 d4 34. Rbc1 Qd2 35. Rcd1 Qf4 36. a6 c5 37. Kf2 Qe3+ 38. Kf1 Qf4 39. Kg2 Qg5+ 40. Kf1 Qe3 41. Rd3 Qf4 42. Rdd1 Qxh2 43. Rc1 Qh1+ 44. Kf2 Qh2+ 45. Kf1 Qh1+ 46. Kf2 Qh2+ 47. Kf1 1/2-1/2

[Event "Play for Durgesh Fundraiser Blitz"]
[Site "Vishy Anand Arena"]
[Date "2020.09.19"]
[Round "6"]
[White "PowerPufGirl"]
[Black "Rockboss"]
[Result "1-0"]
[WhiteElo "1332"]
[BlackElo "1387"]
[Annotator "NA"]
[PlyCount "69"]
[EventDate "2020.09.19"]
[EventType "swiss (blitz)"]

1. d4 Nf6 2. a3 e6 3. h3 d5 4. e3 c5 5. dxc5 Bxc5 6. Nc3 Nc6 7. Bd3 O-O 8. Nf3 b6 9. O-O Bb7 10. Bb5 a6 11. Be2 Ne4 12. Nxe4 dxe4 13. Nh2 Qxd1 14. Rxd1 Rad8 15. Bd2 Ne5 16. Bc3 Rxd1+ 17. Rxd1 Ng6 18. Ng4 h5 19. Nh2 b5 20. Bxh5 Ne7 21. Ng4 g6 22. Nf6+ Kh8 23. Be2 Rc8 24. Nd7+ Kg8 25. Nf6+ Kh8 26. Rd7 Bc6 27. Rd1 Nd5 28. Nxd5+ Kg8 29. Nf6+ Kh8 30. Nxe4+ Kh7 31. Nxc5 Bxg2 32. Kxg2 Rxc5 33. Rd7 Kg8 34. Rd8+ Kh7 35. Rh8# 1-0

[Event "Play for Durgesh Fundraiser Blitz"]
[Site "Vishy Anand Arena"]
[Date "2020.09.19"]
[Round "6"]
[White "Harshpatil"]
[Black "nishu123"]
[Result "1-0"]
[WhiteElo "1330"]
[BlackElo "1399"]
[Annotator "NA"]
[PlyCount "83"]
[EventDate "2020.09.19"]
[EventType "swiss (blitz)"]

1. e4 c5 2. Nf3 d6 3. d3 a6 4. Bf4 Nf6 5. Nc3 e5 6. Bg5 Be7 7. Qd2 O-O 8. O-O-O Bd7 9. Nd5 Nc6 10. Nxf6+ Bxf6 11. Bxf6 Qxf6 12. Be2 b5 13. h3 b4 14. c3 a5 15. cxb4 axb4 16. b3 Rae8 17. g4 Qe6 18. Ng5 Qg6 19. Nf3 Rd8 20. Rhg1 Rde8 21. h4 Nd4 22. Nxd4 exd4 23. h5 Qe6 24. g5 Qh3 25. Rh1 Qg2 26. Rdg1 Qxf2 27. h6 g6 28. Rf1 Qg2 29. Rhg1 Qh2 30. Bf3 Qxg1 31. Rxg1 Re7 32. Kc2 Bh3 33. Bg4 Bxg4 34. Rxg4 f5 35. exf5 Rxf5 36. Rf4 Re2 37. Qxe2 Rxf4 38. Qe8+ Rf8 39. Qe6+ Kh8 40. Qxd6 Rg8 41. Qe5+ Rg7 42. Qxg7# 1-0

[Event "Play for Durgesh Fundraiser Blitz"]
[Site "Vishy Anand Arena"]
[Date "2020.09.19"]
[Round "6"]
[White "Asa0285"]
[Black "Chnivas"]
[Result "1-0"]
[WhiteElo "1329"]
[BlackElo "1437"]
[Annotator "NA"]
[PlyCount "69"]
[EventDate "2020.09.19"]
[EventType "swiss (blitz)"]

1. e4 e6 2. d4 d5 3. Nd2 Nf6 4. e5 Nfd7 5. f4 c5 6. c3 Nc6 7. Ngf3 Qb6 8. Nb3 cxd4 9. Nfxd4 Nxd4 10. Nxd4 Be7 11. Be2 Bh4+ 12. g3 Be7 13. O-O O-O 14. Kg2 Nc5 15. Bf3 Bd7 16. Qe2 Na6 17. Be3 Bc5 18. b4 Bxd4 19. Bxd4 Qc6 20. b5 Qc4 21. Qxc4 dxc4 22. bxa6 Bc6 23. axb7 Bxf3+ 24. Kxf3 Rab8 25. Rfb1 Rfd8 26. Bxa7 Rd3+ 27. Kg4 h5+ 28. Kxh5 g6+ 29. Kg4 Rbd8 30. b8=Q Rxb8 31. Rxb8+ Kg7 32. Bd4 Rd2 33. h3 f5+ 34. exf6+ Kh6 35. f7 1-0